| 000 | 01815nam0a2200397 4500 | ||
|---|---|---|---|
| 001 | RU\NLR\bibl\199973 | ||
| 005 | 20260407075938.0 | ||
| 010 |
_a5-7107-4448-4 _920000 |
||
| 021 |
_aRU _b2001-25342 _91204 |
||
| 035 | _a(NLR Aleph) 000196348 | ||
| 090 |
_a1136861 _c1136861 |
||
| 100 | _a20010808d2001 |||y0rusy50 ca | ||
| 101 | 0 | _arus | |
| 102 | _aRU | ||
| 105 | _ab ||||||||| | ||
| 200 | 1 |
_aОценка качества подготовки выпускников основной школы по географии _fМ-во образования Рос. Федерации _g[В. В. Барабанов и др. _gСост. Н.Н. Петрова] |
|
| 205 | _a2-е изд., стер. | ||
| 210 |
_aМ. _cДрофа _d2001 |
||
| 215 |
_a93,[1] с. _cкарт. _d20 |
||
| 606 | 0 |
_aГеография _xЗнания _xОценка _xТесты _9937267 _3RU\NLR\auth\66346182 |
|
| 610 | 0 | _aГеография - Учебные программы | |
| 610 | 0 | _aГеография - Успеваемость учащихся - Проверка | |
| 675 |
_a372.891.046.14 _v3 _zrus |
||
| 686 |
_a14 _2rugasnti |
||
| 686 |
_a74.262.6 _2rubbk |
||
| 686 | _aЧ426.43-284 | ||
| 701 | 1 |
_4070 _8rus _7ca _aБарабанов _bВ. В. _cканд. пед. наук _f1948-2014 _gВладимир Васильевич _3RU\NLR\AUTH\7742110 _925057 |
|
| 702 | 1 |
_4220 _8rus _7ca _aПетрова _bН. Н. _cд-р пед. наук _gНаталья Николаевна _3RU\NLR\auth\773810 _9113802 |
|
| 712 | 0 | 1 |
_4570 _aРоссийская Федерация _bМинистерство образования _3RU\NLR\AUTH\884572 _9280683 |
| 801 | 0 |
_aRU _bRKP _c20010808 _gPSBO |
|
| 801 | 1 |
_aRU _bRKP _c20010808 |
|
| 801 | 2 |
_aRU _bNLR _c20060913 _grcr |
|
| 942 | _cBOOK | ||
| 980 | _aNB | ||